Statistics for Top 10 F1 Drivers With Most Points (all time)

Click here to take the quiz!

General Stats

  • This quiz has been taken 122 times
  • The average score is 8 of 10

Answer Stats

HintAnswer% Correct
4413.5Lewis Hamilton
100%
3961Michael Schumacher
97%
3275Sebastian Vettel
95%
2819Fernando Alonso
90%
2826Kimi Raikkonen
79%
1874.5Ayrton Senna
78%
2502.5Alain Prost
76%
1844.5Jenson Button
58%
1757Nico Rosberg
53%
1906Rubens Barrichello
38%

Score Distribution

Percentile by Number Answered

Percent of People with Each Score

Your Score History

You have not taken this quiz